Julia

Bibliographic Details
Main Author: Abu Hassan Morad
Format: Book
Published: Kuala Lumpur : Utusan Publications & Distributors Sdn Bhd , 1998

MARC

LEADER 00000cam a2200000 7i4500
001 0000047223
005 20150427.0
008 150427
020 |a 9676108952 
090 0 0 |a ABU   |b MAL 
100 1 |a Abu Hassan Morad 
245 1 0 |a Julia   |c Abu Hassan Morad 
260 |a Kuala Lumpur :   |b Utusan Publications & Distributors Sdn Bhd ,   |c 1998 
999 |a 0000909449   |b Book   |c Adult Collection   |e Cawangan Bandar Tenggara